01124 am a2200289ua 450000100100000000500170001000800410002701000130006802000150008104000110009608200190010724501000012625000120022626001120023830000350035050000240038550400400040965000300044965000570047965000320053665300250056865500240059370000600061794200190067799900170069695201210071301196539820140302113958.0910508s1991 xxka grb 001 0 eng d a90047660 a0415008522 aUkcUk04a338.4222bSER00aServices and metropolitan development :binternational perspectives /cedited by P. W. Daniels. a1st ed. aLondon ;aNew York, United States :bRoutledge,c1991e(Chatham, United Kingdom :fMackays of Chathan PLC.) axxii, 331 p. :bill. ;c24 cm. aIndex : p. 325-331. aIncludes bibliographical reference. 0aService industries920850 0aService industries workersxSupply and demand935087 0aEconomic development910495 bBUSECOcFebruary2014 vreading book9342321 aDaniels, P. W.q(Peter Walters),d1945-935009eeditor. 2ddck338.4 SER c18036d18008 00102ddc40708Donation-GaMAINbMAINc1STd2014-02-05eDonationl0o338.4 SERp000035589r2025-07-15 00:00:00yBB